Planted forests : Uses, impacts & sustainability

Bibliographic Details
Main Author: Evans, Julian, 1946-
Format: Book
Published: UK : MPG Books Gropu , 2009
Subjects:

MARC

LEADER 00000cam a2200000 7i4500
001 0000003755
005 20110523.0
020 0 0 |a 9781845935641 
090 0 0 |a 333.75   |b JULI 2009 
100 1 0 |a Evans, Julian, 1946- 
245 0 0 |a Planted forests :   |b Uses, impacts & sustainability   |c edited by Evans, Julian 
260 0 0 |a UK :   |b MPG Books Gropu ,   |c 2009 
300 |a 213 p. :   |b ill. ;   |c 25 cm. 
500 0 0 |a Includes bibliography : p. 181-201 and index 
650 0 0 |a Afforestation---environmental aspects 
650 0 0 |a Afforestation---social aspects 
650 0 0 |a Tree farms---environmental aspects 
650 0 0 |a Tree farms---social aspects 
999 |a 007603   |b Monograph   |c Open Shelf   |e Default branch